| 000 -LEADER |
| fixed length control field |
00727cam a2200253 4500 |
| 001 - CONTROL NUMBER |
| control field |
480069 |
| 003 - CONTROL NUMBER IDENTIFIER |
| control field |
OCoLC |
| 005 - DATE AND TIME OF LATEST TRANSACTION |
| control field |
20230823082026.0 |
| 008 - FIXED-LENGTH DATA ELEMENTS--GENERAL INFORMATION |
| fixed length control field |
110418s2008 xx 000 0 eng d |
| 020 ## - INTERNATIONAL STANDARD BOOK NUMBER |
| International Standard Book Number |
9780230035232 |
| 020 ## - INTERNATIONAL STANDARD BOOK NUMBER |
| International Standard Book Number |
023003523X |
| 035 ## - SYSTEM CONTROL NUMBER |
| System control number |
(OCoLC)764567738 |
| 040 ## - CATALOGING SOURCE |
| Original cataloging agency |
DKDLA |
| Language of cataloging |
dan |
| Transcribing agency |
DKDLA |
| Modifying agency |
YMG |
| -- |
KH8 |
| 042 ## - AUTHENTICATION CODE |
| Authentication code |
nbic |
| 082 ## - DEWEY DECIMAL CLASSIFICATION NUMBER |
| Classification number |
400 GEO |
| 100 1# - MAIN ENTRY--PERSONAL NAME |
| Personal name |
Matthews, Geoffrey, |
| Relator term |
author. |
| 245 14 - TITLE STATEMENT |
| Title |
The space invaders / |
| Statement of responsibility, etc. |
Geoffrey Matthews, illustrated by Chris Evans. |
| 260 ## - PUBLICATION, DISTRIBUTION, ETC. |
| Place of publication, distribution, etc. |
London : |
| Name of publisher, distributor, etc. |
MacMillan Heinemann, |
| Date of publication, distribution, etc. |
2005. |
| 300 ## - PHYSICAL DESCRIPTION |
| Extent |
63 pages : |
| Other physical details |
ill. |
| 490 1# - SERIES STATEMENT |
| Series statement |
MacMillan Readers. |
| 700 ## - ADDED ENTRY--PERSONAL NAME |
| Personal name |
Evans, Chris, |
| Relator term |
illustrator. |
| 830 #0 - SERIES ADDED ENTRY--UNIFORM TITLE |
| Uniform title |
MacMillan Readers. |
| Name of part/section of a work |
Intermediate level. |
| 942 ## - ADDED ENTRY ELEMENTS (KOHA) |
| Source of classification or shelving scheme |
|
| Koha item type |
Teaching Resources |